000 01211naa a2200349 c 4500
001 33326
003 ES-MaCES
005 20150929140302.0
008 030612n2003 sp t 000 | spa d
035 _aCES20030002327v
040 _aES-MaCES
_bspa
_cES-MaCES
041 0 _aspa
_aeng
100 1 _aAlós-Moner, Ramón d'
_96058
245 1 0 _aEmpleo y relaciones laborales en las empresas españolas en Marruecos
_cRamón Alós Moner
500 _aResumen en español y en inglés
504 _aBibliografía: p. 162-163
650 4 _aMarruecos
_926826
650 4 _aEspaña
_926964
650 4 _apolítica de personal
_929817
650 4 _asalario
_928387
650 4 _aordenamiento del tiempo de trabajo
_929205
650 4 _ainversiones extranjeras
_928175
653 1 0 _aRelaciones laborales-Empleo
650 4 _928178
_aempresa
650 4 _930601
_aestrategia empresarial
650 4 _928369
_arelaciones laborales
650 4 _927620
_aindustria
773 0 _tSociología del trabajo
_gn. 47 (invierno 2002 - 2003){10217 R. 051317}; p. 139-164
_w(ES-MaCES)25232
_944339
902 _aART Artículo de revista
942 _2CES
_cAR
_h2.0.
999 _c33326
_d33326